000 00564nam a2200157 i 4500
001 154390
003 ES-MaACL
005 20230906205715.0
008 931025s1896 fr |||| | fre d
100 1 _aGomel, Charles.
_9127366
245 1 0 _aHistoire Financiére de l'assemblée constituante /
_cpar Charles Gomel.
260 _aParis :
_bGuillaumin et C.\pie\s,
_c1896.
300 _aXXXV, 565 p. ;
_c22 cm.
505 8 _aContiene T. I. 1789
852 _aES-MaACL
_jG-7551-7552
_z-- Rúst.
_x-- Edic.: T300 2 v. -- T505 Contiene : T. I. 1789 -- T. II. 1790-1791
999 _c154390
_d154390